000 00443nam a2200181Ia 4500
001 18236
005 20260306171616.0
008 260306s9999||||xx |||||||||||||| ||und||
041 _aESP
082 _a658.402
_bA67
100 _aArbaiza Fermini, Lydia
_eAUT
245 0 _aLiderazgo y comportamiento organizacional
260 _c2017
300 _a455 páginas :
_c27 cm.
650 _aGEN
654 _aCAN
942 _cLIB
_dJUS
_fJUS
_2ddc
_n
999 _c18236
_d18236